Hannover 96 Rekordspieler - Statistiken

Allgemein
  • Dieses Quiz wurde 78 mal gespielt
  • Das Durchschnittsergebnis liegt bei 3 aus 10
Antwortstatistiken
Spiele Nationalität Spieler % Korrekt
382 Deutschland Ron-Robert Zieler
84%
415 Vereinigte Staaten Steven Cherundolo
79%
320 Albanien Altin Lala
76%
494 Deutschland Jörg Sievers
44%
336 Deutschland Hans Siemensmeyer
35%
358 Deutschland Eddy Bandura
7%
510 Deutschland Peter Anders
7%
399 Deutschland Karsten Surmann
3%
300 Deutschland Mathias Kuhlmey
3%
419 Deutschland Rainer Stiller
3%
Keine übereinstimmenden Quizze gefunden
Verteilung der Resultate
Anzahl Personen mit jedem Resultat
Perzentil nach korrekt beantworteten Fragen
Ihre Resultats-Entwicklung
Sie haben dieses Quiz noch nicht gespielt